Psychoanalysis and feminism. (Record no. 129309)
[ view plain ]
| 000 -LEADER | |
|---|---|
| fixed length control field | 01479nim a22003972 4500 |
| 001 - CONTROL NUMBER | |
| control field | 12045795 |
| 003 - CONTROL NUMBER IDENTIFIER | |
| control field | ARRUPE |
| 005 - DATE AND TIME OF LATEST TRANSACTION | |
| control field | 20190329105835.0 |
| 007 - PHYSICAL DESCRIPTION FIXED FIELD--GENERAL INFORMATION | |
| fixed length control field | ssulmnjlcnnnne |
| 007 - PHYSICAL DESCRIPTION FIXED FIELD--GENERAL INFORMATION | |
| fixed length control field | stuomndmbznnne |
| 008 - FIXED-LENGTH DATA ELEMENTS--GENERAL INFORMATION | |
| fixed length control field | 780721s1974 nyunnn t eng d |
| 010 ## - LIBRARY OF CONGRESS CONTROL NUMBER | |
| LC control number | 99568457 |
| 028 02 - PUBLISHER NUMBER | |
| Publisher number | 06741 |
| Source | Encyclopedia Americana, CBS News Audio Research Library, |
| 035 ## - SYSTEM CONTROL NUMBER | |
| System control number | (OCoLC)ocm04071235 |
| 040 ## - CATALOGING SOURCE | |
| Original cataloging agency | UCW |
| Transcribing agency | UCW |
| Modifying agency | DLC |
| 042 ## - AUTHENTICATION CODE | |
| Authentication code | lcderive |
| 043 ## - GEOGRAPHIC AREA CODE | |
| Geographic area code | n-us--- |
| 050 00 - LIBRARY OF CONGRESS CALL NUMBER | |
| Classification number | HQ1206.M56 1974 |
| 300 ## - PHYSICAL DESCRIPTION | |
| Dimensions | 19cm. |
| 100 1# - MAIN ENTRY--PERSONAL NAME | |
| Personal name | Mitchell, Juliet, |
| Dates associated with a name | 1940- |
| 9 (RLIN) | 45552 |
| 245 10 - TITLE STATEMENT | |
| Title | Psychoanalysis and feminism. |
| Remainder of title | Juliet Mitchell |
| 260 ## - PUBLICATION, DISTRIBUTION, ETC. (IMPRINT) | |
| Place of publication, distribution, etc | Middlesex |
| Name of publisher, distributor, etc | Penguin Books |
| Date of publication, distribution, etc | 1974 |
| 300 ## - PHYSICAL DESCRIPTION | |
| Extent | xxiii, 456p. ; |
| 518 ## - DATE/TIME AND PLACE OF AN EVENT NOTE | |
| Date/time and place of an event note | Recorded in 1974. |
| 533 ## - REPRODUCTION NOTE | |
| Type of reproduction | Preservation master. |
| Place of reproduction | Washington, D.C. : |
| Agency responsible for reproduction | Library of Congress Magnetic Recording Laboratory, |
| Date of reproduction | 1978. |
| Physical description of reproduction | On 1 sound tape reel : analog, 7 1/2 ips, double track, mono. ; 10 in. |
| 590 ## - LOCAL NOTE (RLIN) | |
| Local note | 262 conversion. |
| 590 ## - LOCAL NOTE (RLIN) | |
| Local note | 305 conversion. |
| 650 #0 - SUBJECT ADDED ENTRY--TOPICAL TERM | |
| Topical term or geographic name as entry element | Psychoanalysis and feminism |
| 9 (RLIN) | 45553 |
| 650 #0 - SUBJECT ADDED ENTRY--TOPICAL TERM | |
| Topical term or geographic name as entry element | Women and psychoanalysis |
| 9 (RLIN) | 19421 |
| 906 ## - LOCAL DATA ELEMENT F, LDF (RLIN) | |
| a | 0 |
| b | cbc |
| c | copycat |
| d | 3 |
| e | ncip |
| f | 19 |
| g | y-soundrec |
| 942 ## - ADDED ENTRY ELEMENTS (KOHA) | |
| Source of classification or shelving scheme | Library of Congress Classification |
| Koha item type | Monograph ( Printed materials) |
| Withdrawn status | Lost status | Source of classification or shelving scheme | Damaged status | Not for loan | Collection code | Home library | Current library | Shelving location | Date acquired | Total Checkouts | Full call number | Barcode | Date last seen | Price effective from | Koha item type |
|---|---|---|---|---|---|---|---|---|---|---|---|---|---|---|---|
| Library of Congress Classification | Main Collection | ARRUPE LIBRARY | ARRUPE LIBRARY | Main Collection | 29/03/2019 | HQ1206.M56 1974 | 46600004383 | 29/03/2019 | 29/03/2019 | Monograph ( Printed materials) |